000 00791nam a2200217Ii 4500
003 JO-AjNU
008 230605s9999||||xx |||||||||||||| ||und||
020 _a978-7-227-05735-2
040 _aJO-AjNU
_bara
_erda
_cJO-AjNU
041 _aara
050 1 4 _aDS779.43 2014
100 3 _aتاليف بينغ، ما؛ ترجمة لي باي؛ مراجعة ما يونغ، مراجعة احمد السعود,
_eauthor
_952209
245 0 0 _aثقافة قومية هوي الصينية المسلمة
264 3 1 _aد.م: د.ن، 2014
300 _a100ص
336 _atext
_btxt
_2rdacontent
337 _aunmediated
_bn
_2rdamedia
338 _avolume
_bnc
_2rdacarrier
490 0 _aسلسلة ثقافية قومية هوي الصينية
650 4 _aالثقافة الصينية
_952210
999 _aA23114
_c26682
_d26682